World cup qualifiers solos - Statistics

General Stats
  • This quiz has been taken 4 times
  • The average score is 6 of 100
Answer Stats
Hint Answer % Correct
1 Bugha
100%
100 Arius
50%
6 crue
50%
99 Funk
50%
85 karhu
50%
47 klusia
50%
13 mongraal
50%
7 skite
50%
12 tchub
50%
67 tfue
50%
39 4drstorm
0%
94 aqua
0%
53 arkhram
0%
61 aspect
0%
87 astonish
0%
65 banny
0%
17 BELAEU
0%
25 benjifishy
0%
23 bizzle
0%
81 blastr
0%
79 blax
0%
64 bucke
0%
95 cat
0%
60 ceice
0%
50 chenkinz
0%
56 clarityG
0%
98 clipnode
0%
18 clix
0%
20 Commandment
0%
49 core
0%
40 diegoGB
0%
21 Domentos
0%
75 drakoNz
0%
45 drg
0%
15 dubs
0%
66 emqu
0%
24 endretta
0%
3 Epikwhale
0%
72 erouce
0%
54 Evilmare
0%
10 fatch
0%
73 faxfox
0%
63 fledermoys
0%
31 fwexy
0%
97 herrions
0%
55 hood.j
0%
93 hornet
0%
37 issa
0%
52 jarkos
0%
30 k1nzel
0%
70 Kawzmik
0%
5 King
0%
26 Kinstaar
0%
28 klass
0%
42 kolorful
0%
4 Kreo
0%
27 Kurtz
0%
71 lasers
0%
41 lefteye
0%
89 Legedien
0%
57 leleo
0%
32 letshe
0%
59 letw1k3
0%
83 link
0%
58 lolboom
0%
82 luki
0%
77 luneze
0%
80 lyght
0%
84 marteen
0%
91 maufin
0%
62 megga
0%
29 mrsavage
0%
8 nayte
0%
51 Nicks
0%
92 nittle
0%
19 peterpan
0%
16 pika
0%
46 Prisi0n3r0
0%
2 Psalm
0%
34 pzuhs
0%
90 reverse2k
0%
11 rhux
0%
9 riversan
0%
86 robabz
0%
35 rogueshark
0%
22 Skailer
0%
78 slaya
0%
44 smeef
0%
88 snayzy
0%
74 snow
0%
68 sozmann
0%
14 Stompy
0%
33 takamura
0%
43 Teeq
0%
76 touzii
0%
96 twins
0%
69 UnknownArmy
0%
38 vivid
0%
48 wakie
0%
36 zayt
0%
No matching quizzes found
Score Distribution
Percent of People with Each Score
Percentile by Number Answered
Your Score History
You have not taken this quiz